000 00610nam a2200265Ia 4500
005 20260121165314.0
008 008 260114s9999 xx 000 0 eng d
020 _a9783319309422
037 _aEBOOK
040 _aCRL
040 _beng
040 _cCRL
041 _2eng
041 _aeng
084 _qCRL
100 _aBen Tyrer
_91050047
245 0 _aOut of the Past
260 _bSpringer
260 _bSpringer
260 _c2016
856 _uhttps://link.springer.com/openurl?genre=book&isbn=978-3-319-30942-2
942 _cEBOOK
999 _c1615772
_d1615772